| 000 | 00459nam a2200133Ia 4500 | ||
|---|---|---|---|
| 008 | 170221s9999 xx 000 0 und d | ||
| 100 | _aShijie Yan | ||
| 245 | _aProvably Secure Public Key Cryptosystem Based on Chebyshev Polynomials | ||
| 245 | _cShijie Yan, Ping Zhen, and Lequan Min | ||
| 260 | _bJournal of Communications | ||
| 650 | _xCommunication | ||
| 650 | _xMedia Arts | ||
| 856 | _uhttp://www.jocm.us/index.php?m=content&c=index&a=lists&catid=147 | ||
| 999 |
_c312792 _d312792 |
||